| 000 | 00555nam a2200193Ia 4500 | ||
|---|---|---|---|
| 003 | LDD | ||
| 008 | 181029s9999 xx 000 0 und d | ||
| 020 |
_a1591406498 _c _89.95 |
||
| 040 | _cLDD | ||
| 100 | _aChen, Shu-Heng | ||
| 245 | 0 |
_aComputational economics _ba perspective from computational intelligence _cShu-Heng Chen |
|
| 260 |
_aHershey _bIdea _c2006 |
||
| 300 | _axv, 318p. | ||
| 365 |
_b _89.95 |
||
| 901 |
_a3761 _b31-01-2007 |
||
| 902 |
_aUBS7386 _b15-03-2007 _cF _dUPPAL _e0 |
||
| 903 |
_aDiscount-10 _bReqst by : Saugato Sen |
||
| 942 |
_2ddc _cBK |
||
| 999 |
_c78550 _d78550 |
||